| 000 | 00947nam a2200205 a 4500 | ||
|---|---|---|---|
| 008 | 180918s1996 ag ||||| |||| 00| 0 spa d | ||
| 020 | _a9507423168 | ||
| 041 | _aspa | ||
| 092 |
_c808.8 _l55 _sNER |
||
| 100 | 1 |
_aNeruda, Pablo _92928 |
|
| 245 |
_aCien sonetos de amor / _cPablo Neruda |
||
| 250 | _a8a ed. | ||
| 260 |
_aBuenos Aires: _bPlaneta; _c1996. |
||
| 300 | _a126 p. | ||
| 500 | _aNeruda, P. (1996). Cien sonetos de amor. (8a ed.). Buenos Aires : Planeta. | ||
| 505 | _aEn los Cien sonetos de amor de Neruda habla para Matilde Urrutia. Estos versos definen lo que su mujer significaba para él. Sin embargo, el amor al que los Cien sonetos rinden homenaje es para el poeta no sólo el cuerpo amado -su faz tangible- sino también la vía de acceso que permite a la conciencia individual reconocerse en el ser del mundo. | ||
| 590 | _aProyecto 4to libro. Donación Constanzo, Juan Carlos | ||
| 655 |
_aPoesia _92929 |
||
| 942 |
_2ddc _cLIT |
||
| 999 |
_c2443 _d2443 |
||